[Event "POLFINAL MISTRZOSTW POLSKI JUNIOROW 2019 - C15"]
[Site "Ustron"]
[Date "1899-12-30"]
[Round "7.2"]
[White "Majewski, Krzysztof"]
[Black "Dalkowski, Rafal"]
[Result "1-0"]
[WhiteTitle "I"]
[BlackTitle "II+"]
[WhiteElo "1800"]
[BlackElo "1787"]

1. e4 c6 2. Nc3 d5 3. Nf3 Bg4 4. h3 Bh5 5. exd5 Nf6 6. d4 cxd5 7. Bb5+ Nbd7 8.
g4 Bg6 9. Ne5 a6 10. Bxd7+ Nxd7 11. Nxg6 hxg6 12. Nxd5 Qa5+ 13. Nc3 e6 14. Qd3
Rd8 15. Bf4 Bb4 16. O-O Nf6 17. Ne4 Qd5 18. Nxf6+ gxf6 19. c3 Bd6 20. Bxd6 Rxd6
21. Qg3 Kf8 22. Rac1 Rd8 23. b3 b5 24. Qg2 Qd6 25. Rfd1 Kg7 26. Rd3 Qf4 27. Rcd1
Rc8 28. Qf3 Qd6 29. Rc1 Rhd8 30. Kg2 Rd7 31. Rc2 Rdc7 32. Kg1 Rc6 33. Qg3 Qd5
34. Qe3 R8c7 35. f3 Rc8 36. Qe4 Qd6 37. Kg2 g5 38. d5 exd5 39. Rxd5 Qb8 40. Qd4
Kg6 41. c4 bxc4 42. bxc4 Qb4 43. Qe4+ Kg7 44. c5 Qb1 45. Qc4 Re8 46. Rd7 Rce6
47. Rf2 Rf8 48. Qxe6 1-0

[Event "POLFINAL MISTRZOSTW POLSKI JUNIOROW 2019 - C15"]
[Site "Ustron"]
[Date "1899-12-30"]
[Round "7.3"]
[White "Kossowski, Pawel"]
[Black "Kotula, Pawel"]
[Result "1/2-1/2"]
[WhiteTitle "II+"]
[BlackTitle "I"]
[WhiteElo "1541"]
[BlackElo "1619"]

1. e4 c5 2. Nf3 e6 3. d4 cxd4 4. Nxd4 Nf6 5. Nc3 Nc6 6. Ndb5 Bb4 7. a3 Bxc3+ 8.
Nxc3 d5 9. exd5 exd5 10. Bd3 O-O 11. O-O Re8 12. Bg5 Be6 13. Qd2 h6 14. Bh4 d4
15. Ne2 Bd5 16. f3 Qd6 17. Bf2 Be6 18. Bb5 Rad8 19. Rad1 Bf5 20. Nxd4 a6 21. Bxc6
bxc6 22. Qc3 c5 23. Nxf5 Qxd1 24. Rxd1 Rxd1+ 25. Be1 Rdxe1+ 26. Kf2 R8e2+ 27.
Kg3 Nh5+ 28. Kh4 Re5 29. Kxh5 Rxf5+ 30. Kg4 Rfe5 31. f4 h5+ 32. Kf3 Rf1+ 33. Kg3
Re4 34. Qd2 Kh7 35. h4 g6 36. b4 cxb4 37. axb4 Rc4 38. Qd6 Rxc2 39. Qf6 Rc7 40.
Qe5 Rd7 41. Qe2 Rb1 42. Qxa6 Rxb4 43. Qf6 Rbd4 44. Kh2 R4d6 45. Qe5 Re6 46. Qc3
Re4 47. Qf6 Kg8 48. Qc6 Rdd4 49. g3 Re2+ 50. Kh3 Rdd2 51. Qh1 Kg7 52. Qg1 Rf2
53. Qa1+ f6 54. Qg1 f5 55. Qa1+ Rb2 56. Qg1 Kf6 57. Qh1 Ke7 58. Qg1 Ke6 59. Qe1+
Rfe2 60. Qh1 Rbc2 61. Qg1 Kd5 62. Qd1+ Ke4 63. Qh1+ Kd4 64. Qg1+ Kc4 65. Qf1 Kc3
66. Qa1+ Kd3 67. Qd1+ Ke4 68. Qh1+ 1/2-1/2

[Event "POLFINAL MISTRZOSTW POLSKI JUNIOROW 2019 - C15"]
[Site "Ustron"]
[Date "1899-12-30"]
[Round "7.4"]
[White "Budzisz, Adrian"]
[Black "Jedrusik, Adam"]
[Result "1-0"]
[WhiteTitle "I"]
[BlackTitle "I"]
[WhiteElo "1842"]
[BlackElo "1743"]

1. e4 c6 2. d4 d5 3. exd5 cxd5 4. Bd3 Nc6 5. c3 Qc7 6. Na3 a6 7. Nc2 Nf6 8. h3
g6 9. Nf3 Bf5 10. Be2 Bxc2 11. Qxc2 Bg7 12. Be3 O-O 13. O-O b5 14. Ne1 Rfc8 15.
a3 Qb6 16. f3 e6 17. Qd1 Nd7 18. Bf2 a5 19. Nc2 b4 20. Rb1 Rab8 21. Kh1 bxc3 22.
bxc3 Qc7 23. Qd2 Ne7 24. Bb5 Nf8 25. Rb3 Nf5 26. a4 Ng3+ 27. Bxg3 Qxg3 28. Qf2
Qf4 29. Ne1 e5 30. Nd3 Qf5 31. Nxe5 Bxe5 32. dxe5 Qxe5 33. Re1 Qf6 34. Qd2 Ne6
35. Rc1 d4 36. cxd4 Rxc1+ 37. Qxc1 Qxd4 38. Rd3 Qb4 39. Qd2 Nc5 40. Rd4 Qxd2 41.
Rxd2 Kf8 42. Rd5 Ne6 43. Rd7 Nc5 44. Ra7 Nb7 45. Kg1 Kg7 46. Kf2 Kf6 47. Ke3 Ke5
48. Bc6 Nc5 49. Bb5 Nb7 50. Bc4 f5 51. g3 h6 52. Ra6 Nc5 53. f4# 1-0

[Event "POLFINAL MISTRZOSTW POLSKI JUNIOROW 2019 - C15"]
[Site "Ustron"]
[Date "1899-12-30"]
[Round "7.5"]
[White "Haliniak, Wojciech"]
[Black "Strepikowski, Pawel"]
[Result "0-1"]
[WhiteTitle "I"]
[BlackTitle "I"]
[WhiteElo "1756"]
[BlackElo "1649"]

1. e4 c5 2. Nc3 d6 3. f4 Nf6 4. Nf3 g6 5. Bc4 Bg7 6. O-O O-O 7. Qe1 Nc6 8. d3 Bg4
9. e5 dxe5 10. fxe5 Ne8 11. e6 f6 12. Ne4 Bxf3 13. Rxf3 Ne5 14. Rh3 Nxc4 15. Qh4
h5 16. dxc4 Qd1+ 17. Kf2 Qxc2+ 18. Kg1 Rd8 19. Be3 g5 20. Qxh5 Qxe4 21. Bxc5 Nd6
22. Rd1 b6 23. Bb4 a5 24. Re1 Qc2 25. Re2 Qd1+ 26. Kf2 Ne4+ 27. Kf3 Qf1+ 28. Kxe4
Qf4# 0-1

[Event "POLFINAL MISTRZOSTW POLSKI JUNIOROW 2019 - C15"]
[Site "Ustron"]
[Date "1899-12-30"]
[Round "7.6"]
[White "Czarniecki, Pawel"]
[Black "Gardian, Adam"]
[Result "0-1"]
[WhiteTitle "II+"]
[BlackTitle "I"]
[WhiteElo "1561"]
[BlackElo "1835"]

1. e4 c5 2. Nf3 Nc6 3. d4 cxd4 4. Nxd4 Nf6 5. Nc3 e5 6. Nb3 Bb4 7. Bd3 d5 8. exd5
Nxd5 9. Bc4 Nxc3 10. Qf3 Ne4+ 11. c3 Nd6 12. Bd5 e4 13. Qf4 Ne7 14. cxb4 Nxd5
15. Qe5+ Ne7 16. Bf4 Ndf5 17. g4 Nh4 18. Qxe4 Qd5 19. Nc5 Qxe4+ 20. Nxe4 Ng2+
21. Kf1 Nxf4 22. Nd6+ Kf8 23. f3 h5 24. g5 Nf5 25. Nb5 Bd7 26. Nc3 Be6 27. b3
Rc8 28. Ne2 Nxe2 29. Kxe2 Ke7 30. Rhe1 Rc2+ 31. Kd3 Rhc8 32. Re5 R8c3+ 33. Ke4
Re2+ 34. Kf4 Rxe5 35. Kxe5 Rxf3 36. Rc1 Rd3 37. Ke4 Rd4+ 38. Kf3 Rxb4 39. Rc3
Kd6 40. h3 Bd5+ 41. Ke2 Re4+ 42. Kd2 Re3 43. Rxe3 Nxe3 44. Kxe3 Ke5 45. h4 f5
46. g6 f4+ 47. Kf2 Be4 48. a4 Bxg6 49. b4 Bc2 50. b5 Bxa4 51. b6 axb6 52. Kf3
Bc6+ 53. Kf2 Kf5 54. Kg1 Kg4 55. Kh2 Kxh4 56. Kg1 Kg3 57. Kf1 f3 58. Kg1 f2+ 59.
Kf1 Bb5# 0-1

[Event "POLFINAL MISTRZOSTW POLSKI JUNIOROW 2019 - C15"]
[Site "Ustron"]
[Date "1899-12-30"]
[Round "7.7"]
[White "Skawinski, Szymon"]
[Black "Celebias, Filip"]
[Result "0-1"]
[WhiteTitle "I"]
[BlackTitle "II"]
[WhiteElo "1715"]
[BlackElo "1470"]

1. e4 c5 2. Nf3 e6 3. c3 Nf6 4. e5 Nd5 5. d4 cxd4 6. cxd4 d6 7. Bc4 Nc6 8. O-O
Be7 9. Qe2 O-O 10. Qe4 Ndb4 11. exd6 Bxd6 12. Ng5 g6 13. Nc3 Nxd4 14. Rd1 Nbc6
15. Be3 e5 16. g4 Kg7 17. h4 f6 18. Nf7 Rxf7 19. Bh6+ Kxh6 20. Bxf7 f5 21. gxf5
Bxf5 22. Qh1 Qd7 23. Bd5 Rf8 24. f3 Bc5 25. Kg2 Nc2 26. Rd2 Nxa1 27. Qxa1 Nd4
28. Qc1 Kg7 29. Qe1 Re8 30. Qg3 Bb4 31. Bc4 e4 32. a3 exf3+ 33. Kf2 Qe7 34. Rd1
Qe3+ 35. Kf1 Ba5 36. h5 Qe5 37. Qxe5+ Rxe5 38. Rxd4 Bb6 39. Rh4 g5 40. Rh2 g4
41. Nd5 g3 42. h6+ Kf8 0-1

[Event "POLFINAL MISTRZOSTW POLSKI JUNIOROW 2019 - C15"]
[Site "Ustron"]
[Date "1899-12-30"]
[Round "7.8"]
[White "Kietrys, Maciej"]
[Black "Pieczulis, Blazej"]
[Result "1-0"]
[WhiteTitle "I"]
[BlackTitle "I"]
[WhiteElo "1656"]
[BlackElo "1443"]

1. e4 e6 2. d4 d5 3. Nd2 Nf6 4. e5 Nfd7 5. Bd3 c5 6. c3 Nc6 7. Ne2 cxd4 8. cxd4
f6 9. exf6 Nxf6 10. Nf3 Bd6 11. Bf4 Qc7 12. Bxd6 Qxd6 13. O-O O-O 14. Ng3 Bd7
15. Re1 Rac8 16. Ne5 Nb4 17. Bb1 Be8 18. Qd2 Rc7 19. a3 Nc6 20. Qe3 Bf7 21. Bd3
Nd7 22. Nf3 Re8 23. Ng5 Nf6 24. b4 e5 25. Nf5 Qd8 26. Nxf7 Rxf7 27. dxe5 Rxe5
28. Qg5 Kf8 29. Rxe5 Nxe5 30. Bc2 Qc7 31. Rc1 Nc4 32. Nd4 Re7 33. Bd3 Re5 34.
Qg3 Qe7 35. Nf3 Re6 36. h3 Nd6 37. Ng5 Re1+ 38. Rxe1 Qxe1+ 39. Kh2 Qe7 40. Nxh7+
Nxh7 41. Bxh7 Ne4 42. Qb8+ Kf7 43. Qg8+ Kf6 44. Qxd5 Nd6 45. Bd3 b6 46. f4 Qc7
47. Qg5+ Kf7 48. Bg6+ Kf8 49. Qd5 Nc8 50. Qf5+ Ke7 51. Qf7+ Kd6 52. Qf8+ Kc6 53.
Qe8+ Kb7 54. Be4+ Kb8 55. Kg3 g5 56. Qf8 Qc3+ 57. Bf3 Qe1+ 58. Kh2 Qc3 59. Bg4
gxf4 60. Qxc8+ Qxc8 61. Bxc8 Kxc8 62. h4 Kd7 63. Kh3 Ke6 64. Kg4 a5 65. bxa5 bxa5
66. Kxf4 Kf6 67. g4 a4 68. h5 Kg7 69. g5 Kg8 70. Kf5 Kg7 71. h6+ Kh7 72. Kf6 Kh8
73. g6 Kg8 74. g7 Kh7 75. Kf7 Kxh6 76. g8=Q Kh5 77. Kf6 Kh6 78. Qg6# 1-0

[Event "POLFINAL MISTRZOSTW POLSKI JUNIOROW 2019 - C15"]
[Site "Ustron"]
[Date "1899-12-30"]
[Round "7.9"]
[White "Jozefczyk, Szymon"]
[Black "Nowak, Maciej"]
[Result "1-0"]
[WhiteTitle "II"]
[BlackTitle "II"]
[WhiteElo "1616"]
[BlackElo "1564"]

1. d4 Nf6 2. Nc3 d5 3. Bf4 Bf5 4. f3 e6 5. g4 Bg6 6. h4 h6 7. e3 c5 8. Nb5 Na6
9. c3 Be7 10. h5 Bh7 11. Bd3 c4 12. Bxh7 Nxh7 13. Bg3 O-O 14. Ne2 Ng5 15. Nf4
Qb6 16. a4 Nc7 17. Nxc7 Qxc7 18. Kf2 Bd6 19. Qg1 Qb6 20. Rb1 Qb3 21. Qd1 Qxd1
22. Rbxd1 b5 23. axb5 Rab8 24. Ra1 Rxb5 25. Ra2 Rfb8 26. Rb1 a5 27. Ne2 Bxg3+
28. Nxg3 Rb3 29. f4 Nh7 30. Rxa5 Rxb2+ 31. Rxb2 Rxb2+ 32. Kf3 Rb3 33. Ra8+ Nf8
34. Ne2 f6 35. Rc8 Rb7 36. e4 Kf7 37. exd5 exd5 38. Rc5 Rd7 39. f5 Nh7 40. Nf4
Ng5+ 41. Kg2 Ra7 42. Nxd5 Ra2+ 43. Kf1 Ne4 44. Rc7+ Kf8 45. Ke1 Ra5 46. Nf4 Ra1+
47. Ke2 Nxc3+ 48. Kd2 Ne4+ 49. Kc2 c3 50. Ng6+ Kg8 51. Rc8+ Kf7 52. Rf8# 1-0

[Event "POLFINAL MISTRZOSTW POLSKI JUNIOROW 2019 - C15"]
[Site "Ustron"]
[Date "1899-12-30"]
[Round "7.10"]
[White "Gradalski, Olaf"]
[Black "Wieczorek, Karol"]
[Result "1-0"]
[WhiteTitle "II"]
[BlackTitle "I"]
[WhiteElo "1542"]
[BlackElo "1549"]

1. Nf3 d5 2. g3 g6 3. Bg2 Bg7 4. O-O e6 5. d3 Nd7 6. e4 dxe4 7. dxe4 Ne7 8. c3
b6 9. Be3 Bb7 10. Nbd2 O-O 11. Qc2 Nc5 12. Bxc5 bxc5 13. Rfd1 Qc8 14. Nb3 c4 15.
Na5 Ba6 16. Nd2 Rb8 17. Ndxc4 c5 18. Bf1 Qc7 19. Nb3 Nc6 20. Rab1 Bh6 21. Be2
Bg7 22. Ne3 Bxe2 23. Qxe2 Na5 24. Nd2 Rb7 25. Ndc4 Rfb8 26. Qc2 Nxc4 27. Nxc4
h5 28. h4 Rd8 29. Rxd8+ Qxd8 30. Rd1 Rd7 31. Rxd7 Qxd7 32. Qd2 Qa4 33. b3 Qc6
34. Qe3 Qd7 35. Qxc5 Bxc3 36. Nd6 Bf6 37. Qc8+ Qxc8 38. Nxc8 Bd4 39. Ne7+ Kf8
40. Nc6 Bb6 41. b4 Ke8 42. a4 Kd7 43. Ne5+ Ke8 44. Kg2 Bd4 45. Nc6 Bc3 46. b5
Kd7 47. Nxa7 Kc7 48. Nc6 Kb6 49. f4 f6 50. Kf3 e5 51. Ne7 exf4 1-0

[Event "POLFINAL MISTRZOSTW POLSKI JUNIOROW 2019 - C15"]
[Site "Ustron"]
[Date "1899-12-30"]
[Round "7.11"]
[White "Krasniewski, Szymon"]
[Black "Zielinski, Sebastian"]
[Result "0-1"]
[WhiteTitle "I"]
[BlackTitle "II+"]
[WhiteElo "1662"]
[BlackElo "1517"]

1. e4 e5 2. Nf3 Nc6 3. Bb5 a6 4. Ba4 Nf6 5. d3 b5 6. Bb3 Be7 7. O-O O-O 8. c3 d6
9. h3 h6 10. Be3 Re8 11. Nbd2 Bf8 12. d4 Bb7 13. Re1 exd4 14. Bxd4 Nxd4 15. Nxd4
g6 16. Bc2 Bg7 17. f4 Qd7 18. Qf3 Re7 19. Re2 Rae8 20. Rae1 c5 21. N4b3 b4 22.
cxb4 cxb4 23. Na5 Ba8 24. Qd3 Qc7 25. Nac4 d5 26. exd5 Nxd5 27. Rxe7 Rxe7 28.
Rxe7 Qxe7 29. Qf3 Bd4+ 30. Kh1 Qe1+ 31. Qf1 Qxf1+ 32. Nxf1 Nxf4 33. Nfe3 Nd5 34.
Nxd5 Bxd5 35. Bd3 Kg7 36. b3 f5 37. Nd6 Bc5 38. Ne8+ Kf7 39. Nc7 Bb7 40. Bc4+
Kf6 41. h4 a5 42. Ne8+ Ke5 43. Kh2 Be4 44. g3 Bb1 45. g4 fxg4 46. Kg3 Bxa2 0-1

[Event "POLFINAL MISTRZOSTW POLSKI JUNIOROW 2019 - C15"]
[Site "Ustron"]
[Date "1899-12-30"]
[Round "7.12"]
[White "Lenart, Jakub"]
[Black "Zurawski, Mateusz"]
[Result "1/2-1/2"]
[WhiteTitle "I"]
[BlackTitle "II"]
[WhiteElo "1629"]
[BlackElo "1522"]

1. d4 e6 2. Nf3 f5 3. c4 Nf6 4. Nc3 d5 5. e3 c6 6. b3 Bd6 7. Be2 O-O 8. Qc2 Qe7
9. c5 Bc7 10. a4 a5 11. Bd3 Ne4 12. Bb2 Nd7 13. Qe2 Kh8 14. Nd2 Rg8 15. g3 e5
16. Ncxe4 fxe4 17. Bc2 Nf6 18. h3 Bf5 19. O-O-O Rgb8 20. g4 Bg6 21. h4 b6 22.
cxb6 Rxb6 23. dxe5 Bxe5 24. f4 exf3 25. Qxf3 Bxc2 26. Kxc2 Bxb2 27. Kxb2 Qb4 28.
e4 dxe4 29. Qc3 Rab8 30. Qxb4 Rxb4 31. Rh3 Nd5 32. Re1 Nf4 33. Rhe3 Nd3+ 34. Kc3
Nxe1 35. Rxe1 Kg8 36. Re3 Rd8 37. Nxe4 Rdd4 38. Ng5 Rd8 39. Ne4 Rdd4 40. Ng5 Rd8
41. Ne4 h6 42. g5 Rdd4 43. Nc5 Rxh4 44. g6 Rb8 45. Nb7 Rb4 46. Nxa5 R4b6 47. Re5
1/2-1/2

[Event "POLFINAL MISTRZOSTW POLSKI JUNIOROW 2019 - C15"]
[Site "Ustron"]
[Date "1899-12-30"]
[Round "7.13"]
[White "Kosior, Jan"]
[Black "Werner, Kacper"]
[Result "1-0"]
[WhiteTitle "II"]
[BlackTitle "II"]
[WhiteElo "1565"]
[BlackElo "1573"]

1. e4 c5 2. Ne2 e6 3. d4 cxd4 4. Nxd4 a6 5. c4 Qc7 6. Be2 Nf6 7. Nc3 Bd6 8. h3
Nc6 9. O-O Nxd4 10. Qxd4 h6 11. Kh1 O-O 12. f4 Bc5 13. Qd3 d6 14. Qg3 Kh8 15.
Qh4 Qd8 16. g4 Ng8 17. g5 f5 18. Qg3 Qe7 19. Be3 Bd7 20. Bxc5 dxc5 21. Rg1 Bc6
22. Bf3 Rad8 23. gxh6 Nxh6 24. Rad1 Rxd1 25. Rxd1 Rd8 26. e5 Rxd1+ 27. Nxd1 Qd7
28. Nf2 Kg8 29. Bxc6 Qxc6+ 30. Kh2 Kf7 31. Qe3 b6 32. Qd3 Ke7 33. a3 Nf7 34. Qg3
Kf8 35. Qc3 Ke7 36. b4 Nd8 37. Kg3 Nb7 38. Nd3 a5 39. Nf2 Qa4 40. b5 Nd8 41. Qd3
Ke8 42. Nd1 Nf7 43. Nb2 1-0

[Event "POLFINAL MISTRZOSTW POLSKI JUNIOROW 2019 - C15"]
[Site "Ustron"]
[Date "1899-12-30"]
[Round "7.14"]
[White "Owoc, Jakub"]
[Black "Labedz, Dawid"]
[Result "1-0"]
[WhiteTitle "I"]
[BlackTitle "II"]
[WhiteElo "1668"]
[BlackElo "1468"]

1. e4 c5 2. c3 d5 3. exd5 Qxd5 4. d4 Nc6 5. Nf3 e6 6. Be3 cxd4 7. cxd4 Nf6 8. Nc3
Qd6 9. Be2 Be7 10. Qd2 Nd5 11. O-O O-O 12. Bg5 b6 13. Rac1 Bb7 14. Nxd5 Bxg5 15.
Qxg5 Qxd5 16. Qxd5 exd5 17. Bb5 Nb4 18. a3 Ba6 19. Bxa6 Nxa6 20. Rc6 f6 21. Rfc1
Rad8 22. b4 Kf7 23. b5 Nb8 24. Rc7+ Rd7 25. Rxd7+ Nxd7 26. Rc7 Ke6 27. Rxa7 Rc8
28. g4 Rc1+ 29. Kg2 Rb1 30. a4 g5 31. Ng1 Rb2 32. Nf3 Rb1 33. Ra8 Ra1 34. h4 h6
35. Rh8 Rxa4 36. Rxh6 gxh4 37. g5 Ra8 38. Nxh4 Rg8 39. f4 Rg7 40. f5+ Kf7 41.
g6+ Kg8 42. Nf3 Nf8 43. Nh2 Ra7 44. Ng4 Kg7 45. Rh1 Ra2+ 46. Kf3 Ra3+ 47. Ne3
Rd3 48. Rc1 Nxg6 49. Rg1 Rxd4 50. fxg6 Rd3 51. Ke2 1-0

[Event "POLFINAL MISTRZOSTW POLSKI JUNIOROW 2019 - C15"]
[Site "Ustron"]
[Date "1899-12-30"]
[Round "7.15"]
[White "Kopczynski, Alan"]
[Black "Kozubek, Krystian"]
[Result "0-1"]
[WhiteTitle "II+"]
[BlackTitle "II+"]
[WhiteElo "1501"]
[BlackElo "1545"]

1. e4 c6 2. d4 d5 3. Nc3 dxe4 4. Nxe4 Bf5 5. Ng3 Bg6 6. h4 h6 7. Nf3 Nd7 8. h5
Bh7 9. Bd3 Bxd3 10. Qxd3 Ngf6 11. Bd2 Qc7 12. O-O-O O-O-O 13. Qb3 e6 14. c4 c5
15. Be3 Bd6 16. Ne2 Rhe8 17. Nc3 a6 18. Kb1 Ng4 19. Ne4 Nxe3 20. fxe3 Be7 21.
Nc3 Nb6 22. d5 exd5 23. cxd5 Bf6 24. Rhe1 Nd7 25. d6 Qc6 26. Qxf7 Ne5 27. Nxe5
Rxe5 28. e4 Qd7 29. Qc4 Qe6 30. Nd5 Qxd6 31. b4 Kb8 32. bxc5 Qe6 33. Qb4 Rxh5
34. Nf4 Rxd1+ 35. Rxd1 Qg4 36. Qd2 Rxc5 37. Qd6+ Ka8 38. Qf8+ Rc8 39. Qd6 Rd8
40. Qxd8+ 0-1

[Event "POLFINAL MISTRZOSTW POLSKI JUNIOROW 2019 - C15"]
[Site "Ustron"]
[Date "1899-12-30"]
[Round "7.16"]
[White "Malik, Maciej"]
[Black "Szafranski, Maciej"]
[Result "1-0"]
[WhiteTitle "I"]
[BlackTitle "II+"]
[WhiteElo "1522"]
[BlackElo "1412"]

1. d4 d5 2. b3 c5 3. e3 Nc6 4. Bb2 cxd4 5. exd4 Bf5 6. a3 e6 7. Bd3 Bxd3 8. Qxd3
Nge7 9. Nf3 g6 10. O-O Bg7 11. Nbd2 O-O 12. b4 Rc8 13. Rac1 Bh6 14. c3 Nf5 15.
Rcd1 Nd6 16. a4 b6 17. Ra1 Bg7 18. Rfe1 Qc7 19. h3 Rfe8 20. Kf1 Qb7 21. Ba3 b5
22. a5 a6 23. Nb3 Qa7 24. Nc5 Nc4 25. Bc1 Ra8 26. Bf4 Rac8 27. Re2 Ra8 28. Rae1
Rac8 29. Kg1 Bh8 30. g4 Bg7 31. h4 Ra8 32. Kg2 Kf8 33. Ng5 Kg8 34. Nf3 Kf8 35.
Bg3 Kg8 36. h5 Kf8 37. hxg6 hxg6 38. Rh1 Qe7 39. Bh4 Bf6 40. g5 Bg7 41. Bg3 Qd8
42. Rhe1 Qc8 43. Rh1 Qd8 44. Rhe1 Qc8 45. Nd2 Nxd2 46. Qxd2 Kg8 47. Qf4 Qd8 48.
Nb7 Qd7 49. Nc5 Qd8 50. f3 Ra7 51. Rh1 Qc8 52. Qh4 Qd8 53. f4 Kf8 54. Qh7 Qe7
55. Kf3 Qd8 56. Reh2 Nxb4 57. cxb4 Bxd4 58. Bf2 Bxf2 59. Qh8+ Ke7 60. Qf6+ 1-0

[Event "POLFINAL MISTRZOSTW POLSKI JUNIOROW 2019 - C15"]
[Site "Ustron"]
[Date "1899-12-30"]
[Round "7.17"]
[White "Mocko, Maciej"]
[Black "Sloniec, Adrian"]
[Result "1-0"]
[WhiteTitle "II"]
[BlackTitle "II"]
[WhiteElo "1459"]
[BlackElo "1383"]

1. e4 c5 2. Nf3 e6 3. d4 cxd4 4. Nxd4 Nf6 5. Nc3 d6 6. Be3 a6 7. Bd3 Nc6 8. O-O
Be7 9. f4 O-O 10. a3 Qc7 11. Nxc6 bxc6 12. Qf3 a5 13. Qg3 Ba6 14. e5 Nd5 15. exd6
Qxd6 16. Ne4 Qd8 17. Bd4 Bf6 18. Bxf6 Nxf6 19. Bxa6 Nxe4 20. Qe3 Rxa6 21. Qxe4
Qb6+ 22. Kh1 Qxb2 23. Rfb1 Qc3 24. Ra2 Rd8 25. Qe2 Raa8 26. Rab2 Qxa3 27. Rb7
Qd6 28. h3 a4 29. f5 e5 30. Qc4 Rd7 31. R7b6 Rc7 32. Rb8+ Rc8 33. Rxc8+ Rxc8 34.
Qxa4 Qd5 35. Qa7 e4 36. Rf1 Qc4 37. Rf2 c5 38. Qd7 Rb8 39. f6 e3 40. Qd6 Ra8 41.
Qg3 g6 42. Qxe3 Ra1+ 43. Kh2 Qd4 44. Qe8# 1-0

[Event "POLFINAL MISTRZOSTW POLSKI JUNIOROW 2019 - C15"]
[Site "Ustron"]
[Date "1899-12-30"]
[Round "7.18"]
[White "Kukorowski, Wojciech"]
[Black "Jedrzejczak, Michal"]
[Result "0-1"]
[WhiteTitle "II"]
[BlackTitle "II"]
[WhiteElo "1371"]
[BlackElo "1434"]

1. e4 c5 2. Nf3 e6 3. d4 cxd4 4. Nxd4 Nf6 5. Nc3 d6 6. f3 Be7 7. Be3 a6 8. Qd2
Nc6 9. O-O-O Qc7 10. h4 Nxd4 11. Bxd4 b5 12. g4 e5 13. Be3 b4 14. Na4 Bd7 15.
Nb6 Rb8 16. Nxd7 Nxd7 17. Bxa6 b3 18. axb3 Rxb3 19. Kb1 Rb8 20. Qd5 O-O 21. Rd3
Nc5 22. Bxc5 dxc5 23. Qd7 Qb6 24. Rb3 Qxa6 25. Rxb8 Rxb8 26. Qxe7 Ra8 27. c3 Qa1+
28. Kc2 Qxh1 29. Qxe5 c4 30. Qd5 Qg2+ 31. Kb1 Qf1+ 32. Kc2 Qd3+ 33. Qxd3 cxd3+
34. Kxd3 Kf8 35. b4 Rb8 36. Kd4 Ke7 37. Kc5 Rc8+ 38. Kd4 Kd6 39. c4 Kc6 40. f4
Rd8+ 41. Ke5 f6+ 42. Ke6 Rd4 43. g5 Rxe4+ 44. Kf5 Rxc4 45. gxf6 gxf6 46. Kxf6
Rxf4+ 47. Kg5 Rxb4 48. h5 Kd6 49. Kf6 Rb7 50. Kg5 Ke6 51. Kh6 Ke5 52. Kg5 Rb6
53. h6 Rg6+ 54. Kh5 Kf4 55. Kh4 Rxh6# 0-1

[Event "POLFINAL MISTRZOSTW POLSKI JUNIOROW 2019 - C15"]
[Site "Ustron"]
[Date "1899-12-30"]
[Round "7.20"]
[White "Komisarski, Jerzy"]
[Black "Sawicki, Wojciech"]
[Result "1/2-1/2"]
[WhiteTitle "II"]
[BlackTitle "II"]
[WhiteElo "1251"]
[BlackElo "1439"]

1. e4 e5 2. Nf3 Nc6 3. Bc4 Nf6 4. Ng5 d5 5. exd5 Na5 6. Bb5+ c6 7. dxc6 bxc6 8.
Be2 Bc5 9. c3 Nb7 10. O-O O-O 11. Kh1 h6 12. Nf3 Re8 13. d4 exd4 14. cxd4 Bb6
15. Nc3 Nd6 16. Ne5 Bb7 17. f4 Nf5 18. Bc4 Rf8 19. Qb3 Nd5 20. Nxc6 Bxc6 21. Bxd5
Nxd4 22. Qc4 Bxd5 23. Qxd5 Qxd5 24. Nxd5 Bc5 25. Be3 Rfd8 26. Bxd4 Bxd4 27. Nc3
Bxc3 28. bxc3 Rd3 29. Rf3 Rd2 30. a4 Rc8 31. h3 Rb8 32. c4 Rc2 33. Rd3 Rxc4 34.
Rd7 a5 35. Ra7 Rc5 36. Rd1 Rf5 37. g3 Rb3 38. Rd8+ Kh7 39. Kg2 Rb4 40. Rdd7 Kg8
41. Ra8+ Kh7 42. Raa7 Kg8 43. Ra8+ Kh7 44. Raa7 Kg8 45. Ra8+ Kh7 46. Raa7 1/2-1/2

[Event "POLFINAL MISTRZOSTW POLSKI JUNIOROW 2019 - C15"]
[Site "Ustron"]
[Date "1899-12-30"]
[Round "7.21"]
[White "Zakrzewicz, Kacper"]
[Black "Kuczmik, Pawel"]
[Result "0-1"]
[WhiteTitle "II"]
[BlackTitle "II"]
[WhiteElo "1394"]
[BlackElo "1162"]

1. e4 e5 2. Nf3 Nc6 3. Bc4 Nf6 4. Ng5 d5 5. exd5 b5 6. dxc6 bxc4 7. Qe2 Qd5 8.
f4 Bd6 9. fxe5 Bxe5 10. O-O O-O 11. d3 cxd3 12. Qxd3 Qxd3 13. cxd3 Ba6 14. Nc3
Bxd3 15. Rf3 Rfd8 16. Bf4 Bxf4 17. Rxf4 Nd5 18. Nxd5 Rxd5 19. Nxf7 Rf8 20. Re1
Bg6 21. Re7 Bxf7 22. Rxc7 Rd1+ 23. Rf1 Rxf1+ 24. Kxf1 Bxa2+ 25. Ke1 Bd5 0-1

[Event "POLFINAL MISTRZOSTW POLSKI JUNIOROW 2019 - C15"]
[Site "Ustron"]
[Date "1899-12-30"]
[Round "7.22"]
[White "Kopestynski, Michal"]
[Black "Wolny, Dawid"]
[Result "0-1"]
[WhiteTitle "II"]
[BlackTitle "II"]
[WhiteElo "1248"]
[BlackElo "1343"]

1. e4 e6 2. d4 d5 3. Bd3 Nf6 4. e5 Nfd7 5. Nf3 c5 6. c3 Nc6 7. O-O Be7 8. Be3 Qb6
9. b3 O-O 10. Qc2 f5 11. g3 cxd4 12. cxd4 Nb4 13. Qd2 Nxd3 14. Qxd3 Nb8 15. Nc3
Bd7 16. a4 Nc6 17. Ne2 Nb4 18. Qd2 a5 19. Bg5 Qd8 20. Bxe7 Qxe7 21. Qg5 Qxg5 22.
Nxg5 h6 23. Nh3 Rfc8 24. Rfc1 Kf7 25. Rxc8 Rxc8 26. Rc1 Rxc1+ 27. Nxc1 Nc2 28.
Ne2 b5 29. Nhf4 bxa4 30. bxa4 Bxa4 31. Nc3 Bb3 32. Nfe2 a4 33. Nb5 Ke7 34. Nec3
a3 35. Kf1 a2 0-1

[Event "POLFINAL MISTRZOSTW POLSKI JUNIOROW 2019 - C15"]
[Site "Ustron"]
[Date "1899-12-30"]
[Round "8.1"]
[White "Strepikowski, Pawel"]
[Black "Majewski, Krzysztof"]
[Result "1/2-1/2"]
[WhiteTitle "I"]
[BlackTitle "I"]
[WhiteElo "1649"]
[BlackElo "1800"]

1. e4 d5 2. e5 c5 3. f4 Nc6 4. Nf3 e6 5. c3 Bd7 6. d4 Qb6 7. Be2 cxd4 8. cxd4 Nge7
9. Na3 Nf5 10. Nc2 Nb4 11. Nxb4 Bxb4+ 12. Kf2 Rc8 13. g4 Nh6 14. h3 Be7 15. Bd3
Ng8 16. Qe2 f6 17. Be3 f5 18. gxf5 exf5 19. Rhg1 g6 20. Rac1 Rxc1 21. Rxc1 Nh6
22. Qc2 Bd8 23. Bd2 O-O 24. a3 Re8 25. Bb4 Qc6 26. Qd2 Qe6 27. Rg1 a6 28. Ng5
Bxg5 29. Rxg5 Kh8 30. Qe3 Rc8 31. Rg1 Nf7 32. Qg3 Bb5 1/2-1/2

[Event "POLFINAL MISTRZOSTW POLSKI JUNIOROW 2019 - C15"]
[Site "Ustron"]
[Date "1899-12-30"]
[Round "8.2"]
[White "Wasik, Mateusz"]
[Black "Budzisz, Adrian"]
[Result "0-1"]
[WhiteTitle "I"]
[BlackTitle "I"]
[WhiteElo "1696"]
[BlackElo "1842"]

1. e4 c5 2. Nf3 e6 3. d4 cxd4 4. Nxd4 a6 5. Be2 Nf6 6. Nc3 Qc7 7. O-O d6 8. Kh1
Be7 9. f4 b5 10. Bf3 Bb7 11. a3 O-O 12. Be3 Rd8 13. Qe1 Nbd7 14. Bf2 Rac8 15.
Bg3 Qb6 16. Bf2 Qc7 17. Rd1 Nc5 18. Bg3 Bf8 19. Bh4 Be7 20. g4 d5 21. Bxf6 dxe4
22. Nxe4 Bxe4 23. Bxe7 Bxf3+ 24. Rxf3 Qxe7 25. b4 Qb7 26. Qe3 Ne4 27. Rd3 Rxc2
28. Nc6 Rxd3 29. Qxd3 Nf2+ 30. Rxf2 Qxc6+ 31. Kg1 Rc1+ 32. Rf1 Rxf1+ 33. Qxf1
h5 34. gxh5 Qc3 35. Qg2 Qd4+ 36. Qf2 Qxf2+ 37. Kxf2 Kf8 38. Ke3 Ke7 39. Ke4 Kd6
40. h3 f6 41. Kd4 e5+ 42. Ke4 Ke6 43. fxe5 fxe5 44. h4 Kf6 45. Kd5 Kf5 46. Kd6
e4 47. Ke7 Kg4 48. Kf7 Kxh5 0-1

[Event "POLFINAL MISTRZOSTW POLSKI JUNIOROW 2019 - C15"]
[Site "Ustron"]
[Date "1899-12-30"]
[Round "8.3"]
[White "Kotula, Pawel"]
[Black "Topola, Rafal"]
[Result "1/2-1/2"]
[WhiteTitle "I"]
[BlackTitle "I"]
[WhiteElo "1619"]
[BlackElo "1659"]

1. e4 c6 2. d4 d5 3. e5 Bf5 4. Nf3 e6 5. Be2 c5 6. Be3 cxd4 7. Nxd4 Ne7 8. Bb5+
Nbc6 9. Bxc6+ bxc6 10. Bg5 Qc7 11. Qe2 Bg6 12. O-O Nf5 13. Nxf5 Bxf5 14. Nc3 Bc5
15. Na4 Bd4 16. Rfe1 Qa5 17. c3 Qxa4 18. cxd4 Qxd4 19. Rac1 Qa4 20. Rc5 Qxa2 21.
Rxc6 O-O 22. Be7 Rfc8 23. Qb5 h6 24. Rxc8+ Rxc8 25. Qb7 Qc4 26. Qxa7 Qc1 27. Qa1
Qd2 28. b4 Rc2 29. Bc5 d4 30. Bxd4 Qxb4 31. h3 Qb7 32. Qa3 Rd2 33. Be3 Rd3 34.
Qa7 Qxa7 35. Bxa7 h5 36. Be3 Kh7 37. Bg5 Kg6 38. Bf4 Rd4 39. Be3 Ra4 40. Bc5 Be4
41. f3 Bd5 42. Bf2 Kf5 43. Bg3 Ra2 44. Bf2 Kf4 45. g3+ Kf5 46. Re3 Bc6 47. Rc3
Bd5 48. Re3 Ba8 49. Be1 Bc6 50. Rc3 Re2 51. Rxc6 Rxe1+ 52. Kf2 Rxe5 53. Rc7 Kg6
54. f4 Ra5 55. Rc3 Kf6 56. Kf3 g5 57. Rb3 gxf4 58. gxf4 Kf5 59. Rc3 f6 60. Rb3
e5 61. fxe5 fxe5 62. Rc3 Ra4 63. Rb3 Rf4+ 64. Ke3 Rf1 65. Ke2 Rh1 66. Rf3+ Ke6
67. Ke3 Kd5 68. Rg3 h4 69. Rf3 Rg1 70. Kf2 Rg6 71. Ra3 Rf6+ 72. Ke3 Rf4 73. Ra5+
Ke6 74. Ra8 Rb4 75. Re8+ Kf6 76. Rf8+ Ke7 77. Rh8 Kf7 78. Rh5 Kf6 79. Kf2 Ra4
80. Ke2 Ke6 81. Ke3 Kd5 82. Kf2 Re4 83. Rh8 Kc4 84. Ra8 Kd3 85. Ra3+ Kd4 86. Ra4+
Kd5 87. Ra8 Rc4 88. Rh8 e4 89. Rh5+ Kd4 90. Rxh4 Rc2+ 91. Ke1 Ke3 92. Kf1 Kf3
93. Kg1 Kg3 94. Rg4+ Kf3 95. Rg8 e3 96. Rf8+ Ke2 97. Ra8 Kd1 98. Rd8+ Ke1 99.
Ra8 e2 100. Ra1+ Kd2 101. Kf2 Kd3 102. Re1 1/2-1/2